[Event "Corrado Bitti Memorial 5th"]
[Site "Laconi"]
[Date "2005.08.09"]
[Round "6"]
[White "Artizzu, Giulio"]
[Black "Lommers, Frank"]
[Result "0-1"]
[WhiteElo "2115"]
[BlackElo "2204"]
[PlyCount "74"]
[EventDate "2005.08.06"]
[EventType "swiss"]
[EventRounds "9"]
[EventCountry "ITA"]
[SourceTitle "EXT 2007"]
[Source "ChessBase"]
[SourceDate "2006.11.23"]
[SourceVersion "1"]
[SourceVersionDate "2006.11.23"]
[SourceQuality "1"]

1. e4 c5 2. Nf3 d6 3. d4 Nf6 4. Nc3 cxd4 5. Nxd4 Nc6 6. Bc4 e6 7. Bb3 a6 8. Be3 Qc7 9. 0-0 Be7 10. f4 Na5 11. Ba4+ Bd7 12. Bxd7+ Qxd7 13. Qf3 Nc4 14. f5 Nxe3 15. fxe6 fxe6 16. Qxe3 Ng4 17. Qg3 Bf6 18. Rad1 h5 19. h3 Ne5 20. Nb3 0-0-0 21. a4 Kb8 22. Rd4 Qe7 23. Rb4 h4 24. Qe3 Nc6 25. Rc4 Rc8 26. Nb5 axb5 27. axb5 Nd8 28. Ra4 Kc7 29. e5 Bxe5 30. Rd1 Rh5 31. Nc5 dxc5 32. Qb3 Bd4+ 33. Kh1 Rd5 34. b6+ Kd6 35. c4 Rf5 36. Qa3 Nc6 37. Ra8 Rcf8 0-1

[Event "Corrado Bitti Memorial 5th"]
[Site "Laconi"]
[Date "2005.08.07"]
[Round "3"]
[White "Artizzu, Giulio"]
[Black "Locci, Damiano"]
[Result "1-0"]
[WhiteElo "2115"]
[BlackElo "1901"]
[PlyCount "79"]
[EventDate "2005.08.06"]
[EventType "swiss"]
[EventRounds "9"]
[EventCountry "ITA"]
[SourceTitle "EXT 2007"]
[Source "ChessBase"]
[SourceDate "2006.11.23"]
[SourceVersion "1"]
[SourceVersionDate "2006.11.23"]
[SourceQuality "1"]

1. e4 d5 2. exd5 Qxd5 3. Nc3 Qa5 4. d4 Nf6 5. Bc4 Bf5 6. Nf3 e6 7. Bd2 c6 8. Nd5 Qd8 9. Nxf6+ gxf6 10. c3 Bd6 11. Nh4 Bg6 12. Qf3 Nd7 13. 0-0-0 Qc7 14. Nxg6 hxg6 15. h4 0-0-0 16. h5 gxh5 17. Rxh5 Rxh5 18. Qxh5 Nb6 19. Bb3 c5 20. Be3 c4 21. Bc2 Nd5 22. Be4 Bf4 23. Bxd5 Bxe3+ 24. fxe3 Rxd5 25. Qh8+ Qd8 26. Qg7 Qe7 27. Rh1 Rg5 28. Rh8+ Kc7 29. Qh6 Rxg2 30. Qf4+ Kb6 31. Qf1 Rg3 32. Qxc4 Rg1+ 33. Kc2 Rg2+ 34. Kb3 Rg3 35. a4 a6 36. a5+ Kxa5 37. Re8 Qd6 38. Rd8 Qe7 39. Rd7 Qf8 40. Rxb7 1-0

[Event "Corrado Bitti Memorial 5th"]
[Site "Laconi"]
[Date "2005.08.07"]
[Round "2"]
[White "Deruda, Leonardo"]
[Black "Artizzu, Giulio"]
[Result "0-1"]
[WhiteElo "1820"]
[BlackElo "2115"]
[PlyCount "72"]
[EventDate "2005.08.06"]
[EventType "swiss"]
[EventRounds "9"]
[EventCountry "ITA"]
[SourceTitle "EXT 2007"]
[Source "ChessBase"]
[SourceDate "2006.11.23"]
[SourceVersion "1"]
[SourceVersionDate "2006.11.23"]
[SourceQuality "1"]

1. Nf3 Nf6 2. g3 g6 3. Bg2 Bg7 4. 0-0 0-0 5. d3 d6 6. c4 e5 7. Nc3 a5 8. Bg5 h6 9. Bxf6 Qxf6 10. a3 Na6 11. Nd5 Qd8 12. b4 Be6 13. Rb1 c6 14. Ne3 axb4 15. axb4 d5 16. Qc2 b5 17. Rfc1 d4 18. Nf1 bxc4 19. dxc4 Bf5 20. Qb3 Bxb1 21. Rxb1 Rb8 22. Qa4 Qb6 23. N1d2 Nxb4 24. Ne1 c5 25. Nd3 Rfc8 26. Bd5 Rc7 27. Qd1 Ra7 28. Ne4 Qc7 29. Qb3 Na6 30. Qc2 Nb4 31. Qb3 Nc6 32. Qc2 Ne7 33. Rxb8+ Qxb8 34. Nexc5 Ra1+ 35. Kg2 Qb1 36. Qxb1 Rxb1 0-1

[Event "Venice Autumn op 09th"]
[Site "Venice"]
[Date "2003.11.01"]
[Round "4"]
[White "Mileto, Gabriele"]
[Black "Artizzu, Giulio"]
[Result "0-1"]
[WhiteElo "2222"]
[BlackElo "2127"]
[PlyCount "68"]
[EventDate "2003.10.30"]
[EventType "swiss"]
[EventRounds "6"]
[EventCountry "ITA"]
[SourceTitle "EXT 2004"]
[Source "ChessBase"]
[SourceDate "2003.11.25"]
[SourceVersion "1"]
[SourceVersionDate "2003.11.25"]
[SourceQuality "1"]

1. c4 Nf6 2. Nc3 g6 3. g3 Bg7 4. Bg2 0-0 5. e4 d6 6. Nge2 c5 7. 0-0 Nc6 8. d3 Bd7 9. h3 Rb8 10. Be3 a6 11. d4 cxd4 12. Nxd4 Qc8 13. Kh2 Nxd4 14. Bxd4 Qxc4 15. Bxf6 Bxf6 16. Nd5 Bxb2 17. Rb1 Bf6 18. Nb6 Qc7 19. Nxd7 Qxd7 20. Qb3 b5 21. Rfc1 Bd4 22. f3 Rfc8 23. Bf1 Rxc1 24. Rxc1 Rc8 25. Qd1 e5 26. Bd3 Rc5 27. Kg2 Qc7 28. Rc2 Qa5 29. Kf1 h5 30. Be2 h4 31. gxh4 Qd8 32. Rxc5 dxc5 33. Qe1 Qf6 34. Qg3 Qe6 0-1

[Event "Venice Autumn op 08th"]
[Site "Venice"]
[Date "2002.10.??"]
[Round "2"]
[White "Artizzu, Giulio"]
[Black "Redo, Giorgio"]
[Result "1-0"]
[WhiteElo "2044"]
[BlackElo "1957"]
[PlyCount "67"]
[EventDate "2002.10.31"]
[EventType "swiss"]
[EventRounds "6"]
[EventCountry "ITA"]
[SourceTitle "EXT 2023"]
[Source "ChessBase"]
[SourceDate "2022.10.05"]
[SourceVersion "1"]
[SourceVersionDate "2022.10.05"]
[SourceQuality "1"]

1. e4 c5 2. Nf3 Nc6 3. d4 cxd4 4. Nxd4 Nf6 5. Nc3 e5 6. Ndb5 d6 7. Nd5 Nxd5 8. exd5 Ne7 9. c3 Ng6 10. Qa4 Bd7 11. Qb4 Qb8 12. Qc4 Kd8 13. Be3 b6 14. Qb4 a6 15. Na3 b5 16. Qa5+ Ke8 17. c4 Be7 18. cxb5 axb5 19. Qb4 Ra4 20. Qb3 b4 21. Bd3 f5 22. Bxf5 Bxf5 23. Qxa4+ Kf7 24. Nc4 Bd3 25. Qb3 e4 26. Rc1 Rc8 27. Kd2 Nh4 28. Ne5+ dxe5 29. d6+ Kf6 30. dxe7 Qd6 31. Rxc8 Qxe7 32. Rc6+ Kf5 33. Rg1 h5 34. h3 1-0

[Event "Cutro op 08th"]
[Site "Cutro"]
[Date "2002.05.01"]
[Round "9"]
[White "Abatino, Maurizio"]
[Black "Artizzu, Giulio"]
[Result "1-0"]
[WhiteElo "2225"]
[BlackElo "2129"]
[PlyCount "57"]
[EventDate "2002.04.24"]
[EventType "swiss"]
[EventRounds "9"]
[EventCountry "ITA"]
[SourceTitle "CBM 088 Extra"]
[Source "ChessBase"]
[SourceDate "2002.07.01"]
[SourceVersion "2"]
[SourceVersionDate "2002.07.01"]
[SourceQuality "1"]

1. d4 Nf6 2. c4 c5 3. e3 g6 4. Nf3 Bg7 5. Nc3 cxd4 6. exd4 d5 7. c5 0-0 8. Be2 Nc6 9. 0-0 Ne4 10. Bf4 Nxc3 11. bxc3 b6 12. Qa4 Bd7 13. Qa3 Rc8 14. Ba6 Bg4 15. Bxc8 Qxc8 16. Nd2 b5 17. Rfe1 a5 18. Be5 Bh6 19. Nf1 b4 20. Qb2 f6 21. Bg3 e5 22. dxe5 fxe5 23. cxb4 Nxb4 24. Qxe5 Bg7 25. Qd6 Bxa1 26. Rxa1 Qe6 27. Ne3 d4 28. Qxd4 Nxa2 29. Qxg4 1-0

[Event "Cutro op 08th"]
[Site "Cutro"]
[Date "2002.04.29"]
[Round "7"]
[White "Artizzu, Giulio"]
[Black "Contin, Daniel"]
[Result "1/2-1/2"]
[WhiteElo "2129"]
[BlackElo "2338"]
[PlyCount "126"]
[EventDate "2002.04.24"]
[EventType "swiss"]
[EventRounds "9"]
[EventCountry "ITA"]
[SourceTitle "CBM 088 Extra"]
[Source "ChessBase"]
[SourceDate "2002.07.01"]
[SourceVersion "2"]
[SourceVersionDate "2002.07.01"]
[SourceQuality "1"]

1. e4 e6 2. d4 d5 3. Nc3 Bb4 4. e5 c5 5. a3 Bxc3+ 6. bxc3 Ne7 7. Qg4 0-0 8. Bd3 f5 9. exf6 Rxf6 10. Bg5 e5 11. Qh4 e4 12. Bxf6 gxf6 13. Qxf6 exd3 14. Qg5+ Kf7 15. Qh5+ Kf8 16. Qh6+ Ke8 17. Qxh7 Bf5 18. Qh8+ Kd7 19. Qxd8+ Kxd8 20. cxd3 cxd4 21. cxd4 Nbc6 22. Ne2 Bxd3 23. Rd1 Bc4 24. g4 Kd7 25. f3 Ng6 26. Kf2 Rh8 27. h4 Nxh4 28. Nf4 Ne7 29. Rhe1 Neg6 30. Nh5 Rf8 31. Re3 b5 32. Kg3 a5 33. f4 b4 34. axb4 axb4 35. Rh1 Kc6 36. f5 Kb5 37. fxg6 Nxg6 38. Re6 Bd3 39. Nf6 Kc4 40. Nd7 Rd8 41. Nc5 Nf8 42. Rc6 Kb5 43. Rc7 Bg6 44. Rb1 Rb8 45. Rxb4+ Kxb4 46. Na6+ Kb5 47. Nxb8 Ne6 48. Rc6 Bf7 49. Rc8 Nxd4 50. Nd7 Be6 51. Rb8+ Kc6 52. Ne5+ Kd6 53. Nd3 Nc6 54. Rb2 d4 55. Kf4 Bc4 56. Rd2 Kd5 57. g5 Bxd3 58. Rxd3 Ne5 59. Rd1 d3 60. Kf5 Kd4 61. Rxd3+ Nxd3 62. g6 Ne5 63. g7 Nf7 1/2-1/2

[Event "Cutro op 08th"]
[Site "Cutro"]
[Date "2002.04.26"]
[Round "4"]
[White "Pegorari, Pietro"]
[Black "Artizzu, Giulio"]
[Result "1-0"]
[WhiteElo "2386"]
[BlackElo "2129"]
[PlyCount "83"]
[EventDate "2002.04.24"]
[EventType "swiss"]
[EventRounds "9"]
[EventCountry "ITA"]
[SourceTitle "CBM 088 Extra"]
[Source "ChessBase"]
[SourceDate "2002.07.01"]
[SourceVersion "2"]
[SourceVersionDate "2002.07.01"]
[SourceQuality "1"]

1. c4 Nf6 2. Nc3 g6 3. g3 Bg7 4. Bg2 0-0 5. e3 d6 6. Nge2 c6 7. 0-0 Qc7 8. d4 e5 9. b3 Nbd7 10. Bb2 a6 11. Rc1 Re8 12. Qc2 b6 13. Na4 Bb7 14. Rfd1 exd4 15. exd4 c5 16. Bxb7 Qxb7 17. d5 b5 18. Nac3 Ne5 19. cxb5 axb5 20. a4 Qd7 21. Kg2 Bh6 22. Rb1 Qg4 23. Ng1 bxa4 24. bxa4 Nc4 25. h3 Qd7 26. Bc1 Bg7 27. Nf3 Re7 28. Nd2 Nxd2 29. Bxd2 Qf5 30. Qxf5 gxf5 31. Bf4 Ne8 32. Nb5 Rxa4 33. Nxd6 Ra2 34. Nxf5 Ree2 35. Be3 Bf8 36. Re1 Rxe1 37. Rxe1 Nd6 38. Bxc5 Nxf5 39. Re8 Ne3+ 40. Bxe3 Kg7 41. Bd4+ f6 42. Re6 1-0

[Event "ITA-ch U20 24th"]
[Site "Bratto"]
[Date "2001.08.29"]
[Round "8"]
[White "Drabke, Lorenz Maximilian"]
[Black "Artizzu, Giulio"]
[Result "0-1"]
[WhiteElo "2338"]
[BlackElo "2084"]
[PlyCount "66"]
[EventDate "2001.08.22"]
[EventType "swiss"]
[EventRounds "9"]
[EventCountry "ITA"]
[SourceTitle "EXT 2007"]
[Source "ChessBase"]
[SourceDate "2006.11.23"]
[SourceVersion "1"]
[SourceVersionDate "2006.11.23"]
[SourceQuality "1"]

1. e4 c5 2. Nf3 d6 3. c3 Nf6 4. Bd3 g6 5. Bc2 Bg7 6. 0-0 0-0 7. Re1 Nc6 8. h3 Qc7 9. d4 e5 10. Na3 a6 11. Be3 b6 12. d5 Nd8 13. b4 Ne8 14. Rb1 Nb7 15. c4 f5 16. exf5 gxf5 17. Ng5 Nd8 18. bxc5 bxc5 19. f4 e4 20. Ba4 Nf6 21. Qb3 h6 22. Ne6 Bxe6 23. dxe6 Nxe6 24. Qb6 Qf7 25. Qxd6 Rad8 26. Qc6 Nh5 27. Rf1 Rd3 28. Nc2 Rxe3 29. Nxe3 Bd4 30. Rbe1 Nexf4 31. Rf2 Nd3 32. Kh2 Nxf2 33. Nd5 Qg7 0-1

[Event "ITA-ch U20 24th"]
[Site "Bratto"]
[Date "2001.08.28"]
[Round "7"]
[White "Artizzu, Giulio"]
[Black "Mogranzini, Roberto"]
[Result "1-0"]
[WhiteElo "2084"]
[BlackElo "2104"]
[PlyCount "57"]
[EventDate "2001.08.22"]
[EventType "swiss"]
[EventRounds "9"]
[EventCountry "ITA"]
[SourceTitle "EXT 2007"]
[Source "ChessBase"]
[SourceDate "2006.11.23"]
[SourceVersion "1"]
[SourceVersionDate "2006.11.23"]
[SourceQuality "1"]

1. e4 c5 2. Nf3 e6 3. d4 cxd4 4. Nxd4 Nc6 5. Nc3 Qc7 6. Be3 a6 7. h3 b5 8. g4 Bb7 9. Bg2 Ne5 10. 0-0 Nc4 11. Qf3 Bc5 12. Rad1 Ne7 13. Bc1 0-0 14. b3 Ne5 15. Qg3 Rac8 16. Nce2 d6 17. Bb2 N7c6 18. c3 Rfe8 19. f4 Nd7 20. Kh2 d5 21. e5 b4 22. Nxc6 Bxc6 23. cxb4 Bb5 24. Rc1 Bxe2 25. Rfe1 Bb5 26. bxc5 a5 27. a3 Qb7 28. b4 Bc4 29. Rxc4 1-0

[Event "ITA-ch U20 24th"]
[Site "Bratto"]
[Date "2001.08.26"]
[Round "5"]
[White "Artizzu, Giulio"]
[Black "Sardo, Gabriele"]
[Result "1/2-1/2"]
[WhiteElo "2084"]
[BlackElo "2165"]
[PlyCount "96"]
[EventDate "2001.08.22"]
[EventType "swiss"]
[EventRounds "9"]
[EventCountry "ITA"]
[SourceTitle "EXT 2007"]
[Source "ChessBase"]
[SourceDate "2006.11.23"]
[SourceVersion "1"]
[SourceVersionDate "2006.11.23"]
[SourceQuality "1"]

1. e4 c5 2. Nf3 Nc6 3. d4 cxd4 4. Nxd4 g6 5. c4 Bg7 6. Be3 Nf6 7. Nc3 Ng4 8. Qxg4 Nxd4 9. Qd1 Ne6 10. Qd2 Qa5 11. Rc1 b6 12. a3 Bb7 13. b4 Qxa3 14. Nd5 Bb2 15. Rc2 Qa1+ 16. Ke2 Bxd5 17. exd5 Nd4+ 18. Bxd4 Bxd4 19. g3 Bg7 20. Bg2 Qe5+ 21. Qe3 d6 22. Qxe5 Bxe5 23. f4 Bf6 24. c5 bxc5 25. bxc5 dxc5 26. Rxc5 0-0 27. Rd1 a5 28. Rc7 Ra6 29. d6 exd6 30. Bd5 a4 31. Rb1 a3 32. Ba2 d5 33. Rb5 Rd6 34. Ra7 Rfd8 35. Rxa3 R8d7 36. Kd3 Kg7 37. g4 h6 38. Ra8 d4 39. g5 hxg5 40. fxg5 Be7 41. h4 f6 42. Bc4 fxg5 43. hxg5 Bd8 44. Re5 Be7 45. Rb5 Rc6 46. Re5 Rc5 47. Ra5 Rxa5 48. Rxa5 Bb4 1/2-1/2

[Event "ITA-ch sf 61st"]
[Site "Limone Piemonte"]
[Date "2001.06.26"]
[Round "3"]
[White "Vezzosi, Paolo"]
[Black "Artizzu, Giulio"]
[Result "1-0"]
[WhiteElo "2413"]
[BlackElo "2083"]
[PlyCount "165"]
[EventDate "2001.06.24"]
[EventType "swiss"]
[EventRounds "8"]
[EventCountry "ITA"]
[SourceTitle "EXT 2002"]
[Source "ChessBase"]
[SourceDate "2001.11.25"]
[SourceVersion "1"]
[SourceVersionDate "2001.11.25"]
[SourceQuality "1"]

1. d4 Nf6 2. c4 c5 3. d5 e6 4. Nc3 exd5 5. cxd5 d6 6. e4 g6 7. Nf3 Bg7 8. Nd2 0-0 9. Be2 Na6 10. 0-0 Nc7 11. Re1 Re8 12. a4 b6 13. Ra3 Rb8 14. Bb5 Bd7 15. Nc4 a6 16. Bxd7 Qxd7 17. Bf4 Bf8 18. Bg5 Ng4 19. h3 Nxf2 20. Kxf2 b5 21. axb5 axb5 22. Ne3 b4 23. Ng4 Bg7 24. Ra7 f5 25. Qa4 Qf7 26. Nh6+ Bxh6 27. Bxh6 bxc3 28. bxc3 fxe4+ 29. Kg1 e3 30. Rxe3 Rxe3 31. Bxe3 Qe8 32. Qxe8+ Rxe8 33. Bf4 Nxd5 34. Bxd6 Nxc3 35. Bxc5 Ne2+ 36. Kh2 Nf4 37. Bd6 Ne6 38. Be5 h5 39. Kg3 Kf8 40. Kf3 Ng5+ 41. Kf4 Nf7 42. Bd4 Rd8 43. Bf6 Re8 44. Ra6 Re2 45. Ra8+ Re8 46. Bg7+ Ke7 47. Ra7+ Ke6 48. Ra6+ Nd6 49. Kg5 Kd5 50. Ra5+ Kc4 51. Kxg6 Re2 52. g4 hxg4 53. hxg4 Rg2 54. g5 Ne4 55. Bf6 Nxg5 56. Bxg5 Kd4 57. Kf5 Kc4 58. Bf4 Kd4 59. Be5+ Kd3 60. Ra4 Rf2+ 61. Ke6 Rf8 62. Kd5 Rc8 63. Ra3+ Kd2 64. Ke4 Rc4+ 65. Bd4 Rc2 66. Rh3 Ke2 67. Bc3 Kf1 68. Kd3 Rg2 69. Bd4 Ra2 70. Be3 Kg2 71. Rh6 Kf3 72. Rf6+ Kg2 73. Ke4 Ra4+ 74. Bd4 Ra3 75. Rf2+ Kg3 76. Rf1 Kg4 77. Rf8 Ra5 78. Rf7 Rb5 79. Rf1 Rb3 80. Bc5 Rc3 81. Be3 Kh5 82. Kf5 Kh4 83. Rf3 1-0

[Event "ITA-ch sf 61st"]
[Site "Limone Piemonte"]
[Date "2001.06.24"]
[Round "1"]
[White "Genocchio, Daniele"]
[Black "Artizzu, Giulio"]
[Result "0-1"]
[WhiteElo "2263"]
[BlackElo "2083"]
[PlyCount "84"]
[EventDate "2001.06.24"]
[EventType "swiss"]
[EventRounds "8"]
[EventCountry "ITA"]
[SourceTitle "EXT 2002"]
[Source "ChessBase"]
[SourceDate "2001.11.25"]
[SourceVersion "1"]
[SourceVersionDate "2001.11.25"]
[SourceQuality "1"]

1. e4 c5 2. Nf3 d6 3. d4 cxd4 4. Nxd4 Nf6 5. Nc3 a6 6. Bc4 e6 7. Be3 b5 8. Bb3 Bb7 9. f3 Nbd7 10. Qe2 Rc8 11. 0-0-0 Ne5 12. Kb1 Nc4 13. Bxc4 Rxc4 14. g4 Be7 15. h4 Rxc3 16. bxc3 Qc7 17. Nb3 Nd7 18. Bd4 Bf6 19. g5 Bxd4 20. cxd4 Nb6 21. Rd3 Nc4 22. Nd2 Nb6 23. Nb3 Nc4 24. Nd2 Nb6 25. c3 0-0 26. Rc1 Rc8 27. Qd1 a5 28. h5 Ba6 29. Re3 Na4 30. g6 hxg6 31. hxg6 fxg6 32. Qb3 Qd7 33. Rg1 d5 34. exd5 exd5 35. Rg5 Bb7 36. f4 b4 37. Ne4 Qf7 38. cxb4 dxe4 39. Qxa4 Qxf4 40. Rgg3 Qf1+ 41. Kb2 Qc1+ 42. Kb3 Bd5# 0-1

[Event "Sardegna Region-ch"]
[Site "Cagliari"]
[Date "2001.04.29"]
[Round "2"]
[White "Artizzu, Giulio"]
[Black "Abis, Roberto"]
[Result "1-0"]
[WhiteElo "2098"]
[BlackElo "1581"]
[PlyCount "37"]
[EventDate "2001.04.28"]
[EventType "swiss"]
[EventRounds "7"]
[EventCountry "ITA"]
[SourceTitle "EXT 2024"]
[Source "ChessBase"]
[SourceDate "2023.10.10"]
[SourceVersion "1"]
[SourceVersionDate "2023.10.10"]
[SourceQuality "1"]

1. e4 e5 2. f4 exf4 3. Nf3 g5 4. Bc4 g4 5. 0-0 d5 6. Bxd5 c6 7. d4 Be6 8. Bxc6+ bxc6 9. Ne5 g3 10. Bxf4 gxh2+ 11. Bxh2 Ne7 12. c4 Rg8 13. d5 cxd5 14. cxd5 Nxd5 15. Qa4+ Bd7 16. Nxd7 Rxg2+ 17. Kxg2 Qg5+ 18. Kh1 Kd8 19. Ne5 1-0

[Event "Sardegna Region-ch"]
[Site "Cagliari"]
[Date "2001.04.29"]
[Round "3"]
[White "Scarteddu, Marco"]
[Black "Artizzu, Giulio"]
[Result "0-1"]
[WhiteElo "1615"]
[BlackElo "2098"]
[PlyCount "58"]
[EventDate "2001.04.28"]
[EventType "swiss"]
[EventRounds "7"]
[EventCountry "ITA"]
[SourceTitle "EXT 2024"]
[Source "ChessBase"]
[SourceDate "2023.10.10"]
[SourceVersion "1"]
[SourceVersionDate "2023.10.10"]
[SourceQuality "1"]

1. e4 c5 2. Nf3 d6 3. d4 cxd4 4. Nxd4 Nf6 5. Nc3 a6 6. Bd3 e6 7. Bg5 Be7 8. Qd2 Nc6 9. Nxc6 bxc6 10. 0-0 0-0 11. Rab1 e5 12. b4 h6 13. Bxf6 Bxf6 14. a4 d5 15. a5 Bg5 16. Qe2 Re8 17. Rfd1 Bf4 18. exd5 e4 19. Bc4 Qf6 20. Nxe4 Bxh2+ 21. Kf1 Rxe4 22. Qxe4 Bf5 23. Qe2 Qh4 24. Rb3 Bf4 25. Rh3 Bxh3 26. gxh3 Qxh3+ 27. Ke1 Qh1+ 28. Qf1 Re8+ 29. Be2 Rxe2+ 0-1

[Event "Sardegna Region-ch"]
[Site "Cagliari"]
[Date "2001.04.??"]
[Round "5"]
[White "Artizzu, Giulio"]
[Black "Basciu, Simone"]
[Result "1-0"]
[WhiteElo "2098"]
[BlackElo "2157"]
[PlyCount "125"]
[EventDate "2001.04.28"]
[EventType "swiss"]
[EventRounds "7"]
[EventCountry "ITA"]
[SourceTitle "EXT 2024"]
[Source "ChessBase"]
[SourceDate "2023.10.10"]
[SourceVersion "1"]
[SourceVersionDate "2023.10.10"]
[SourceQuality "1"]

1. e4 c5 2. Nf3 Nc6 3. Bb5 Qb6 4. Nc3 e6 5. 0-0 Nge7 6. Re1 Nd4 7. a4 Nxb5 8. Nxb5 a6 9. Na3 Qc7 10. d4 cxd4 11. Nxd4 Nc6 12. Nc4 Bc5 13. Be3 Nxd4 14. Bxd4 Bxd4 15. Qxd4 0-0 16. a5 d6 17. b3 Bd7 18. Qxd6 Qxd6 19. Nxd6 Bc6 20. e5 Rad8 21. Rad1 Rd7 22. Rd2 Rfd8 23. f4 f6 24. c4 fxe5 25. fxe5 Rf8 26. Rf1 Rdd8 27. Rdf2 Rxf2 28. Rxf2 h6 29. b4 Rd7 30. Rb2 Rd8 31. b5 axb5 32. cxb5 Bd5 33. Rc2 Ra8 34. Rc8+ Rxc8 35. Nxc8 Kf7 36. Nb6 Be4 37. a6 bxa6 38. bxa6 Kg6 39. a7 Kf5 40. a8Q Bxa8 41. Nxa8 Kxe5 42. Kf2 Kf4 43. Nc7 Kf5 44. Kf3 h5 45. Ne8 g6 46. Nd6+ Ke5 47. Ne4 Kf5 48. h4 Ke5 49. Ng3 Kf6 50. Ke4 g5 51. Nxh5+ Kg6 52. Nf4+ Kh6 53. g3 gxh4 54. gxh4 Kh7 55. Nxe6 Kh6 56. Nf4 Kh7 57. Kf5 Kh6 58. h5 Kg7 59. Kg5 Kh7 60. h6 Kg8 61. Kg6 Kh8 62. Nd3 Kg8 63. Ne5 1-0

[Event "Padova op"]
[Site "Padova"]
[Date "2000.12.03"]
[Round "2"]
[White "Van Hoolandt, Patrick"]
[Black "Artizzu, Giulio"]
[Result "1-0"]
[WhiteElo "2169"]
[BlackElo "2095"]
[PlyCount "87"]
[EventDate "2000.12.02"]
[EventType "swiss"]
[EventRounds "9"]
[EventCountry "ITA"]
[SourceTitle "CBM 079 Extra"]
[Source "ChessBase"]
[SourceDate "2001.01.11"]
[SourceVersion "2"]
[SourceVersionDate "2001.01.25"]
[SourceQuality "1"]

1. c4 f5 2. g3 g6 3. Bg2 Bg7 4. Nc3 e5 5. d3 Ne7 6. e4 Nbc6 7. Nge2 0-0 8. 0-0 d6 9. f4 Nd4 10. Be3 c5 11. Qd2 a6 12. Rae1 Rb8 13. fxe5 dxe5 14. exf5 gxf5 15. Bg5 Bf6 16. Bxf6 Rxf6 17. Nd5 Rg6 18. Nxd4 cxd4 19. Rxe5 Nc6 20. Re2 Bd7 21. Rfe1 Rg7 22. Qh6 Rf7 23. Bf3 Qf8 24. Qxf8+ Rbxf8 25. Nb6 Nb4 26. a3 Bc6 27. Bh5 Nxd3 28. Rd1 Nc5 29. Bxf7+ Rxf7 30. Rxd4 Nd7 31. Nxd7 Bxd7 32. b4 Bc6 33. Re5 h5 34. Kf2 Be4 35. Ke3 h4 36. gxh4 Rg7 37. Rdxe4 fxe4 38. Rxe4 Rg2 39. Kd4 Rxh2 40. Kc5 Ra2 41. Kb6 Rxa3 42. Kxb7 Rb3 43. c5 a5 44. c6 1-0

[Event "Nereto op 5th"]
[Site "Nereto"]
[Date "2000.08.15"]
[Round "5"]
[White "Farina, Saverio"]
[Black "Artizzu, Giulio"]
[Result "1/2-1/2"]
[WhiteElo "2153"]
[BlackElo "2095"]
[PlyCount "78"]
[EventDate "2000.08.11"]
[EventType "swiss"]
[EventRounds "9"]
[EventCountry "ITA"]
[SourceTitle "EXT 2001"]
[Source "ChessBase"]
[SourceDate "2000.11.22"]
[SourceVersion "1"]
[SourceVersionDate "2000.11.22"]
[SourceQuality "1"]

1. d4 g6 2. c4 c5 3. e3 Bg7 4. Nc3 b6 5. Nf3 e6 6. Be2 Ne7 7. Ne4 d5 8. cxd5 exd5 9. Bb5+ Nbc6 10. Ng3 0-0 11. 0-0 Bg4 12. dxc5 bxc5 13. Qa4 Bxf3 14. Bxc6 Nxc6 15. Qxc6 Bg4 16. Qxc5 Rc8 17. Qa3 Qb6 18. Qb3 Qa5 19. Qd3 Qb6 20. Qb3 Qa5 21. Qd3 Qb6 22. Rb1 Bd7 23. Rd1 h5 24. Qb3 Qxb3 25. axb3 Bb5 26. Bd2 h4 27. Nf1 Rc2 28. Bc3 Bxc3 29. bxc3 Rxc3 30. b4 Rfc8 31. Rxd5 Ba6 32. Rd4 Rc1 33. Rd1 Rxd1 34. Rxd1 Rc2 35. Rb1 Bd3 36. Rd1 Bb5 37. Rb1 Bd3 38. Rd1 Bb5 39. Rb1 Bd3 1/2-1/2

[Event "ITA-ch U20"]
[Site "Paderno del Grappa"]
[Date "2000.??.??"]
[Round "3"]
[White "Artizzu, Giulio"]
[Black "Galli, Fabio"]
[Result "1/2-1/2"]
[WhiteElo "2095"]
[BlackElo "2107"]
[PlyCount "41"]
[EventDate "2000.07.15"]
[EventType "swiss"]
[EventRounds "9"]
[EventCountry "ITA"]
[SourceTitle "EXT 2001"]
[Source "ChessBase"]
[SourceDate "2000.11.22"]
[SourceVersion "1"]
[SourceVersionDate "2000.11.22"]
[SourceQuality "1"]

1. c4 c6 2. Nc3 Nf6 3. e4 d6 4. d4 g6 5. Be2 Bg7 6. h3 Nbd7 7. Nf3 0-0 8. 0-0 e5 9. Be3 Qc7 10. Qc2 d5 11. cxd5 cxd5 12. dxe5 Nxe4 13. Bd4 Nxe5 14. Rad1 Be6 15. Qb3 Nxc3 16. bxc3 Nxf3+ 17. Bxf3 Rfd8 18. Bxg7 Kxg7 19. Bxd5 Bxd5 20. Rxd5 Rxd5 21. Qxd5 1/2-1/2

[Event "Padova op"]
[Site "Padova"]
[Date "1999.12.13"]
[Round "2"]
[White "Genocchio, Daniele"]
[Black "Artizzu, Giulio"]
[Result "1/2-1/2"]
[WhiteElo "2291"]
[BlackElo "2195"]
[PlyCount "48"]
[EventDate "1999.12.11"]
[EventType "swiss"]
[EventRounds "9"]
[EventCountry "ITA"]
[SourceTitle "CBM 073 Extra"]
[Source "ChessBase"]
[SourceDate "2000.01.11"]
[SourceVersion "1"]
[SourceVersionDate "2000.01.11"]
[SourceQuality "1"]

1. d4 Nf6 2. c4 c5 3. d5 e6 4. Nc3 exd5 5. cxd5 d6 6. Nf3 g6 7. Bg5 Bg7 8. Nd2 h6 9. Bh4 Nbd7 10. Nc4 0-0 11. e4 Nb6 12. Ne3 Re8 13. Bd3 Nbd7 14. 0-0 Ne5 15. f4 Nxd3 16. Qxd3 b5 17. Nxb5 Qb6 18. Nxd6 Qxd6 19. e5 Qa6 20. Qc2 Nd7 21. Kh1 g5 22. fxg5 Nxe5 23. Nf5 Bxf5 24. Qxf5 Qg6 1/2-1/2

[Event "Castellaneta op 3rd"]
[Site "Castellaneta"]
[Date "1999.08.30"]
[Round "3"]
[White "Gueci, Riccardo"]
[Black "Artizzu, Giulio"]
[Result "1-0"]
[WhiteElo "2151"]
[BlackElo "2195"]
[PlyCount "74"]
[EventDate "1999.08.29"]
[EventType "swiss"]
[EventRounds "6"]
[EventCountry "ITA"]
[SourceTitle "EXT 2000"]
[Source "ChessBase"]
[SourceDate "1999.11.16"]
[SourceVersion "1"]
[SourceVersionDate "1999.11.16"]
[SourceQuality "1"]

1. e4 c5 2. c3 Nf6 3. e5 Nd5 4. d4 cxd4 5. Nf3 Nc6 6. cxd4 d6 7. Bc4 Nb6 8. Bb5 Bd7 9. exd6 e6 10. 0-0 Bxd6 11. Nc3 0-0 12. Re1 a6 13. Bd3 Nb4 14. Bb1 N4d5 15. Ne4 Bc7 16. Bg5 f6 17. Bh4 g5 18. Nexg5 fxg5 19. Nxg5 Qe8 20. Nxh7 Rf7 21. Bg6 Rxh7 22. Bxe8 Rxe8 23. Bg3 Bc6 24. Rc1 Ree7 25. b3 Nf4 26. Rxc6 bxc6 27. Bxf4 Bxf4 28. Qg4+ Rhg7 29. Qxf4 Nd5 30. Qd6 Ref7 31. Rxe6 Nf4 32. Re8+ Kh7 33. Qxc6 Nh3+ 34. Kf1 Rxf2+ 35. Ke1 Rfxg2 36. Qe4+ R2g6 37. Qh4+ Rh6 1-0